000
00300nam a2200109Ia 4500
008
220204s9999 xx 000 0 und d
082
_a
929(038)(540)
_b
SHA
100
_a
Sharma, Jagdish Saran
245
0
_a
National biographical dictionary of India
260
_a
New Delhi
_b
Sterling
_c
1972
942
_c
BK
999
_c
26386
_d
26386